000
00289nam a22001337a 4500
008
190225b xxu||||| |||| 00| 0 eng d
020
_a
9780256080469
041
_a
eng
080
_2
7th
_a
338
100
_a
53
101
_a
MEN
245
_a
Organizations
_c
Gibson,J.L
942
_2
udc
_c
BK
999
_c
54174
_d
54174